|
|
|
|
| LEADER |
02783nam a22004335i 4500 |
| 001 |
978-1-4471-2772-7 |
| 003 |
DE-He213 |
| 005 |
20151204152139.0 |
| 007 |
cr nn 008mamaa |
| 008 |
121025s2013 xxk| s |||| 0|eng d |
| 020 |
|
|
|a 9781447127727
|9 978-1-4471-2772-7
|
| 024 |
7 |
|
|a 10.1007/978-1-4471-2772-7
|2 doi
|
| 040 |
|
|
|d GrThAP
|
| 050 |
|
4 |
|a RC870-923.2
|
| 050 |
|
4 |
|a RC875-899.5
|
| 072 |
|
7 |
|a MJS
|2 bicssc
|
| 072 |
|
7 |
|a MED088000
|2 bisacsh
|
| 082 |
0 |
4 |
|a 616.6
|2 23
|
| 245 |
1 |
0 |
|a Multidisciplinary Care of Urinary Incontinence
|h [electronic resource] :
|b A Handbook for Health Professionals /
|c edited by Lewis Chan, Vincent Tse.
|
| 264 |
|
1 |
|a London :
|b Springer London :
|b Imprint: Springer,
|c 2013.
|
| 300 |
|
|
|a XVI, 97 p. 37 illus., 36 illus. in color.
|b online resource.
|
| 336 |
|
|
|a text
|b txt
|2 rdacontent
|
| 337 |
|
|
|a computer
|b c
|2 rdamedia
|
| 338 |
|
|
|a online resource
|b cr
|2 rdacarrier
|
| 347 |
|
|
|a text file
|b PDF
|2 rda
|
| 505 |
0 |
|
|a Introduction -- Practical Anatomy and Physiology of Urinary Continence -- Assessment of Urinary Incontinence -- The Female Patient -- The Male Patient -- The Older Patient -- The Patient with Neurological Problems -- Faecal Incontinence.
|
| 520 |
|
|
|a Multidisciplinary Care of Urinary Incontinence - a Handbook for Health Professionals effectively uses a multidisciplinary approach to assist health professionals in their care of patients with urinary incontinence. It is recognized that the best outcomes are achieved by a multidisciplinary team approach especially with regard to complex cases and care of the elderly. This book is written by expert authors from around the world with a wealth of experience in conducting clinics on pelvic floor, aged care voiding dysfunction and neuro-rehabilitation. The text is illustrated throughout and contains case-studies with input and practical tips from the different health disciplines at each point. Each chapter concludes with a list of seminal publications and web-based resources to assist the reader in the clinical environment. Multidisciplinary Care of Urinary Incontinence - a Handbook for Health Professionals is of benefit to medical and allied health disciplines including family physicians, nurses, urologists, gynecologists, physiotherapists, geriatricians, neurologists and rehabilitation specialists.
|
| 650 |
|
0 |
|a Medicine.
|
| 650 |
|
0 |
|a Urology.
|
| 650 |
1 |
4 |
|a Medicine & Public Health.
|
| 650 |
2 |
4 |
|a Urology.
|
| 700 |
1 |
|
|a Chan, Lewis.
|e editor.
|
| 700 |
1 |
|
|a Tse, Vincent.
|e editor.
|
| 710 |
2 |
|
|a SpringerLink (Online service)
|
| 773 |
0 |
|
|t Springer eBooks
|
| 776 |
0 |
8 |
|i Printed edition:
|z 9781447127710
|
| 856 |
4 |
0 |
|u http://dx.doi.org/10.1007/978-1-4471-2772-7
|z Full Text via HEAL-Link
|
| 912 |
|
|
|a ZDB-2-SME
|
| 950 |
|
|
|a Medicine (Springer-11650)
|